Southville International School and Colleges
Your cart is empty.
  • Cart
  • Lists
    Public lists Eva Luna New books Lux_list list_1
    Your lists Log in to create your own lists
  • Log in to your account
  • Your cookies
  • Search history
Southville International School and Colleges
  • Advanced search
  • Recent comments
  • Most popular
  • Libraries

Log in to your account

Log in with GOOGLE


If you do not have an external account, but do have a local account, you can still log in:

  1. Home
  2. MARC view: Basic and advanced counseling skills :
Normal view MARC view ISBD view

Basic and advanced counseling skills : (Record no. 24260)

[ view plain ]
MARC details
000 -LEADER
fixed length control field 00755nam a2200229 a 4500
003 - CONTROL NUMBER IDENTIFIER
control field PILC
005 - DATE AND TIME OF LATEST TRANSACTION
control field 20160205151103.0
008 - FIXED-LENGTH DATA ELEMENTS--GENERAL INFORMATION
fixed length control field 110110s19uu xx 00 eng d
020 ## - INTERNATIONAL STANDARD BOOK NUMBER
International Standard Book Number 9780840032492
050 ## - LIBRARY OF CONGRESS CALL NUMBER
Classification number BF 636.6
Item number .Sm6 2011
100 ## - MAIN ENTRY--PERSONAL NAME
Personal name Smaby, Marlowe.
245 ## - TITLE STATEMENT
Title Basic and advanced counseling skills :
Remainder of title the skilled counselor training model /
Statement of responsibility, etc Marlowe Smaby.
260 ## - PUBLICATION, DISTRIBUTION, ETC. (IMPRINT)
Place of publication, distribution, etc Australia :
Name of publisher, distributor, etc Cengage Learning,
Date of publication, distribution, etc 2011.
300 ## - PHYSICAL DESCRIPTION
Extent 285 pages ;
Dimensions 25 cm.
500 ## - GENERAL NOTE
General note Includes appendices, bibliographical references and indexes.
650 ## - SUBJECT ADDED ENTRY--TOPICAL TERM
Topical term or geographic name as entry element Counselors-Training of.
650 ## - SUBJECT ADDED ENTRY--TOPICAL TERM
Topical term or geographic name as entry element Couseling-Study and teaching.
650 ## - SUBJECT ADDED ENTRY--TOPICAL TERM
Topical term or geographic name as entry element Couseling-Theories and practices.
700 ## - ADDED ENTRY--PERSONAL NAME
Personal name Cleborne D. Maddux.
942 ## - ADDED ENTRY ELEMENTS (KOHA)
Koha item type Books
Source of classification or shelving scheme Library of Congress Classification
Call number prefix Foreign
Holdings
Withdrawn status Lost status Source of classification or shelving scheme Damaged status Home library Current library Shelving location Date acquired Source of acquisition Cost, normal purchase price Total Checkouts Full call number Barcode Date last seen Date checked out Copy number Price effective from Koha item type
    Library of Congress Classification   College Library College Library General Circulation Section 01/10/2011 Donation 3575.00 2 BF 636.6 .Sm6 2011 C11687 12/05/2018 11/20/2018 1 10/18/2013 Books

Basic and advanced counseling skills :

APA

Smaby M., Cleborne D. Maddux, . (2011). Basic and advanced counseling skills. Australia: Cengage Learning.

Chicago

Smaby Marlowe, Cleborne D. Maddux, . 2011. Basic and advanced counseling skills. Australia: Cengage Learning.

Harvard

Smaby M., Cleborne D. Maddux, . (2011). Basic and advanced counseling skills. Australia: Cengage Learning.

MLA

Smaby Marlowe, Cleborne D. Maddux, . Basic and advanced counseling skills. Australia: Cengage Learning. 2011.

  • Place hold
  • Print
  • Cite
  • Add to your cart (remove)
  • Save record
    BIBTEX Dublin Core MARCXML MARC (non-Unicode/MARC-8) MARC (Unicode/UTF-8) MARC (Unicode/UTF-8, Standard) MODS (XML) RIS
  • More searches
    Search for this title in:
    Other Libraries (WorldCat) Other Databases (Google Scholar) Online Stores (Bookfinder.com) Open Library (openlibrary.org)

Exporting to Dublin Core...

SOUTHVILLE LIBRARY

Southville International School and Colleges Library

1281 Tropical Ave. Cor. Luxembourg St., BF Homes International, Las Pinas City

Tel. No. 8256374 / 252358 Loc. 117/146

Powered by Koha